الفكر الاسلامي مبادئه، مناهجه، قيمه، اخلاقياته
| Main Author: | |
|---|---|
| Format: | Book |
| Published: |
Qahirah
Maktabah al-Khanji
1977
|
| Subjects: |
MARC
| LEADER | 00000cam a2200000 7i4500 | ||
|---|---|---|---|
| 001 | 0000000363 | ||
| 008 | 021118s1977 | ||
| 090 | 0 | 0 | |a BP42 |b .A34 1977 |
| 100 | 0 | |a عفيفي، محمد الصادق |e author | |
| 241 | 0 | 3 | |a al-Fikr al-Islami: mabadi'uh, manahijuh, qiyamuh, akhlaqiyatuh |
| 245 | 1 | 2 | |a الفكر الاسلامي |b مبادئه، مناهجه، قيمه، اخلاقياته |c محمد الصادق عفيفي |
| 260 | 2 | |a Qahirah |b Maktabah al-Khanji |c 1977 | |
| 300 | |a 259 p. |c 24 cm | ||
| 650 | 0 | |a Islam |y 20th century | |
| 999 | |a 1000015517 |b Book |c OPEN SHELF (30 DAYS) |e Gong Badak Campus | ||